K právnímu postavení státních zaměstnanců

Príprava novej právnej úpravy právneho postavenia niektorých štátnych zamestnancov. Pojem štátni zamestnanci. Právne postavenie štátnych zamestnancov z hľadiska historického vývoja. Právna úprava štátnej a verejnej služby od r. 1918 až do r. 1965. Navrhovaná právna úprava štátnej služby v ČR.

Guardado en:
Detalles Bibliográficos
Autor principal: Kalenská, Marie
Formato: Capítulo de libro
Lenguaje:checo
Materias:
Etiquetas: Agregar Etiqueta
Sin Etiquetas, Sea el primero en etiquetar este registro!

MARC

LEADER 00000naa a2200000 4500
001 r015682
005 20221205090831.4
041 0 |a cze 
044 |a SK 
245 1 0 |a K právnímu postavení státních zaměstnanců  |c Marie Kalenská 
520 |a Príprava novej právnej úpravy právneho postavenia niektorých štátnych zamestnancov. Pojem štátni zamestnanci. Právne postavenie štátnych zamestnancov z hľadiska historického vývoja. Právna úprava štátnej a verejnej služby od r. 1918 až do r. 1965. Navrhovaná právna úprava štátnej služby v ČR. 
610 2 0 |a zamestnanci 
610 2 0 |a správa štátna 
610 2 0 |a správa verejná 
610 2 0 |a 1918-1950 
610 2 0 |a 1950-1965 
610 2 0 |a ČSR 
610 2 0 |a ČSSR 
610 2 0 |a Česko 
100 1 |a Kalenská, Marie